<?xml version="1.0" encoding="UTF-8"?><?xml-stylesheet type="text/xsl" href="static/style.xsl"?><OAI-PMH xmlns="http://www.openarchives.org/OAI/2.0/" xmlns:xsi="http://www.w3.org/2001/XMLSchema-instance" xsi:schemaLocation="http://www.openarchives.org/OAI/2.0/ http://www.openarchives.org/OAI/2.0/OAI-PMH.xsd"><responseDate>2026-06-02T02:14:00Z</responseDate><request verb="GetRecord" identifier="oai:riuma.uma.es:10630/11639" metadataPrefix="marc">https://riuma.uma.es/rest/oai/request</request><GetRecord><record><header><identifier>oai:riuma.uma.es:10630/11639</identifier><datestamp>2026-02-03T12:31:59Z</datestamp><setSpec>com_10630_2254</setSpec><setSpec>col_10630_37959</setSpec></header><metadata><record xmlns="http://www.loc.gov/MARC21/slim" xmlns:dcterms="http://purl.org/dc/terms/" xmlns:doc="http://www.lyncode.com/xoai" xmlns:xsi="http://www.w3.org/2001/XMLSchema-instance" xsi:schemaLocation="http://www.loc.gov/MARC21/slim http://www.loc.gov/standards/marcxml/schema/MARC21slim.xsd">
   <leader>00925njm 22002777a 4500</leader>
   <datafield ind2=" " ind1=" " tag="042">
      <subfield code="a">dc</subfield>
   </datafield>
   <datafield ind2=" " ind1=" " tag="720">
      <subfield code="a">García-Mestanza, Josefa</subfield>
      <subfield code="e">author</subfield>
   </datafield>
   <datafield ind2=" " ind1=" " tag="720">
      <subfield code="a">García-Revilla, Raquel</subfield>
      <subfield code="e">author</subfield>
   </datafield>
   <datafield ind2=" " ind1=" " tag="260">
      <subfield code="c">2016-06-23</subfield>
   </datafield>
   <datafield ind2=" " ind1=" " tag="520">
      <subfield code="a">El impacto del Turismo en el desarrollo económico y social de un país, puede ser enorme en la apertura de negocios, el comercio y la inversión de capital, la creación de empleo y la protección del patrimonio y los valores culturales. El presente trabajo expone a la ciudad de Málaga, como una de las ciudades de España con mayor densidad de museos en su casco antiguo, haciendo notoria la apuesta de Málaga por el Turismo Cultural. La ciudad cuenta con 36 museos, los cuales serán descritos en este trabajo. Seguidamente, se mostrará la evolución del número de visitas a los principales monumentos y museos de Málaga durante el periodo 2004-2014 y se realizará un análisis con esos datos. Con el análisis de dichos datos, se concluye que existe una relación directa entre el número de visitantes y el aumento de la afluencia turística producido en estos últimos años, aunque lógicamente también influyen otras variables como el atractivo de la oferta cultural. En este sentido, la ciudad de Málaga, al contar con una oferta cultural atractiva, le resulta beneficiosa y positiva, desde un punto de vista económico como desde un punto de vista social.</subfield>
   </datafield>
   <datafield ind1="8" ind2=" " tag="024">
      <subfield code="a">http://hdl.handle.net/10630/11639</subfield>
   </datafield>
   <datafield tag="653" ind2=" " ind1=" ">
      <subfield code="a">Turismo cultural</subfield>
   </datafield>
   <datafield ind2="0" ind1="0" tag="245">
      <subfield code="a">El turismo cultural en Málaga. Una apuesta por los museos</subfield>
   </datafield>
</record>
</metadata></record></GetRecord></OAI-PMH>